000 00802nam a22001937a 4500
005 20260219100534.0
008 260219b |||||||| |||| 00| 0 eng d
020 _a9789393875280
040 _cVITAP
082 _223
_a796.356 SEN
100 _aSengupta, Ayon Ed.
_917136
245 _aFIH Odisha Hockey Men's World Cup 2023
_b: The 15th Chapter of The FIH World Cup Saw a Grand Celebration of The Sport in Odisha, Which Became The First to Host Back-to- Back Editions
_c/ Ayon Sengupta Ed.
260 _aChennai
_bTHG Publishing Pvt Ltd.
_c2024
300 _a252p, ill.: 30cm*30cm
650 0 _aHistory of the Hockey World Cup, About the Host, Tournament Format, Teams & Squads, Match Highlights etc.
_917137
700 _aNarayanan, R Ed.
_917138
700 _aPrasad, G
_917139
942 _2ddc
_cREF
999 _c47300
_d47300